MARC

LEADER 00000nas a2200000 a 4500
001 ssj0023466
003 WaSeSS
005 20200512172242.0
006 m d
007 cr n
008 020813c20029999dcubx p s 0 a0eng c
010 |a  2002212654 
022 |l 1541-3357  |y 1541-3357 
032 |a 019945  |b USPS 
035 |a (WaSeSS)ssj0023466 
037 |b National Geographic Society, 1145 17th St., N.W., Washington, DC 20036-4688 
040 |a NSD  |b eng  |c NSD  |d DLC  |d NSD  |d TJC  |d OCLCQ  |d OCLCF  |d OCLCO  |d CUS  |d WaSeSS 
042 |a nsdp  |a pcc 
050 0 0 |a G1  |b .N267 
082 1 0 |a 910  |2 13 
210 0 |a Nat'l. geogr. explor. 
222 0 |a National geographic explorer 
245 0 0 |a National geographic explorer  |h [electronic resource]. 
260 |a Washington, DC :  |b National Geographic Society 
310 |a Six issues a year (during school year) 
362 0 |a Vol. 2, no. 1 (Sept. 2002)- 
500 |a Accompanied by a teacher's guide which precedes the issue. 
506 |a License restrictions may limit access. 
588 |a Description based on surrogate; title from cover. 
588 |a Latest issue consulted: Vol. 2, no. 2 (Oct. 2002). 
650 0 |a Geography  |v Periodicals  |v Juvenile literature. 
650 0 |a Natural history  |x Periodicals  |v Juvenile literature. 
650 0 |a Zoology  |v Periodicals  |v Juvenile literature. 
650 7 |a Geography.  |2 fast  |0 (OCoLC)fst00940469 
650 7 |a Natural history  |x Periodicals.  |2 fast  |0 (OCoLC)fst01034299 
650 7 |a Zoology.  |2 fast  |0 (OCoLC)fst01184696 
655 0 |a Electronic journals. 
710 2 |a National Geographic Society (U.S.) 
780 0 0 |t National geographic for kids  |x 1536-1101  |w (DLC) 2001211735  |w (OCoLC)47358266 
850 |a DLC 
856 4 0 |z Full text available from Research Library: 03/01/2004 to 3 months ago  |u https://search.proquest.com/publication/43044